• PDDM 6° Capitolo Generale

di Personal Name

Records bibliografici associati: 1

001 - CONTROL NUMBER

  • control field: 26316

003 - CONTROL NUMBER IDENTIFIER

  • control field: IT-RoPau

005 - DATE AND TIME OF LATEST TRANSACTION

  • control field: 20140523095131.0

008 - FIXED-LENGTH DATA ELEMENTS

  • fixed length control field: 140523|| aca||aabn | a|a d

040 ## - CATALOGING SOURCE

  • Original cataloging agency: IT-RoPau
  • Transcribing agency: IT-RoPau

100 ## - HEADING--PERSONAL NAME

  • Personal name: PDDM 6° Capitolo Generale

670 ## - SOURCE DATA FOUND

  • Source citation: Work cat.: (IT-RoPau): PDDM 6° Capitolo Generale , 6° Capitolo Generale 1999 Pie Discepole del Divin Maestro, 1999
CREDITS: SOCIETA' SAN PAOLO Via A.Severo, 58 - ROMA (RM) & PERIODICI SAN PAOLO SRL Via Giotto, 36 MILANO & CISF Via Giotto, 36 MILANO & EDIZIONI SAN PAOLO SRL,  Piazza Soncino, 5 CINISELLO BALSAMO (MI) -- ITALY